000 00926nam a2200253Ia 4500
003 OSt
005 20220923211232.0
006 a|||||r|||| 00| 0
007 ta
008 220922b |||||||| |||| 00| 0 hin d
020 _a9788171246533 (hbk)
_c200
024 _a238,549
037 _b452, 21/03/2009, Vani Prakashan
_cTextual
040 _aARTS
_cARTS
_bhin
041 _2hin
_ahin
082 _aO152,6M83:g, P9
100 _aतिवारी, राम चन्द्र
_9159984
245 0 _aआचार्य राम चन्द्र शुक्ल
246 _aĀchārya rām chandra shukla
260 _aवाराणसी
_b विश्वविद्यालय प्रकाशन
_c2009
300 _a191पृ.
_ccm.
942 _hO152,6M83:g, P9
_cTEXL
_2CC
999 _c297397
_d297397